Sláva Bohu na výsosti

Bibliographic Details
Main Author: Benka, Martin, 1888-1971 (Author)
Format: Article
Language:Slovak
Subjects:

MARC

LEADER 00000nab a22000001a 4500
001 vtls008993578
003 SK-MaSNL
005 20260305005929.0
008 070529d193812 xo |r|p|||| |000 b|slo
015 |a SNBRRBVU1918-1938 
038 |a SNKBUCL 
038 |a SNKBUVU 
040 |a SNKBUVU  |b slo  |c SNKBUCL  |e AACR2 
041 0 |a slo 
044 |a xo  |c SK 
080 |a 75.051:75.021.32  |2 1997 
080 |a 75.021.32  |2 1997 
100 1 |a Benka, Martin,  |d 1888-1971  |4 aut  |9 100354 
245 1 0 |a Sláva Bohu na výsosti  |c Martin Benka 
650 0 7 |a slovenské maliarstvo  |2 MM  |9 3124 
650 0 7 |a maľby  |2 MM  |9 313520 
655 7 |a reprodukcie výtvarných diel  |2 MM  |9 310790 
773 0 |t Slovenský hlas  |g Roč. 1, č. 294 (1938), s. 1 
852 |a SNK  |b KIS3GCP 
910 |a snkrbvumm 
958 |a VY 
999 |c 3243439  |d 3245369